Songs By Picture #8 - Statistics

General Stats
  • This quiz has been taken 288 times
  • The average score is 9 of 15
Answer Stats
Picture Hint Answer % Correct
The Beatles Yellow Submarine
96%
Bruno Mars Treasure
83%
Elvis Presley Hound dog
74%
Kanye West Hurricane
72%
Hozier Take me to Church
72%
Billie Eilish Bad Guy
59%
The Weeknd Blinding Lights
54%
Def Leppard Pour Some Sugar on Me
54%
Nena 99 red balloons
53%
Meatloaf Bat out of Hell
51%
Drake Passionfruit
49%
Kenny Rogers The Gambler
48%
Janis Joplin Mercedes Benz
44%
Rush Tom Sawyer
31%
John Mellencamp Pink Houses
23%
No matching quizzes found
Score Distribution
Percent of People with Each Score
Percentile by Number Answered
Your Score History
You have not taken this quiz